00000000cam 2200000zi 4500
0019.956393
003CaOODSP
00520251208102929
006m     o  d f      
007cr |n|||||||||
008251016e202511  oncbd   ob   f000 0 eng d
020 |a9780660793719
040 |aCaOODSP|beng|erda|cCaOODSP
043 |an-cn---
0861 |aFs70-5/2025-072E-PDF
1001 |aGoulet, P. J., |eauthor.
24510|aPup production of northwest Atlantic harp seals, Pagophilus groenlandicus, in 2022 / |cP.J. Goulet, S.L.C. Lang, G.B. Stenson, C.D. Hamilton, M.O. Hammill, J.W. Lawson, C.C. Sauvé, A. Mosnier.
264 1|aOttawa : |bCanadian Science Advisory Secretariat (CSAS), |cNovember 2025.
264 4|c©2025
300 |a1 online resource (iv, 44 pages) : |bmaps, graphs.
336 |atext|btxt|2rdacontent
337 |acomputer|bc|2rdamedia
338 |aonline resource|bcr|2rdacarrier
4901 |aResearch document, |x1919-5044 ; |v2025/072
500 |aIssued also in French under title: Production de petits chez le phoque du Groenland de l'Atlantique Nord-Ouest (Pagophilus groenlandicus) en 2022.
504 |aIncludes bibliographical references (pages 14-16).
650 0|aHarp seal|xInfancy|zSaint Lawrence, Gulf of.
650 0|aHarp seal|xInfancy|zNewfoundland and Labrador.
650 0|aSeal populations|xEstimates|zSaint Lawrence, Gulf of.
650 0|aSeal populations|xEstimates|zNewfoundland and Labrador.
7101 |aCanada. |bDepartment of Fisheries and Oceans. |bNational Capital Region, |eissuing body.
7102 |aCanadian Science Advisory Secretariat, |eissuing body.
77508|tProduction de petits chez le phoque du Groenland de l'Atlantique Nord-Ouest (Pagophilus groenlandicus) en 2022 / |w(CaOODSP)9.956394
830#0|aResearch document (Canadian Science Advisory Secretariat)|v2025/072.|w(CaOODSP)9.507396
85640|qPDF|s4.99 MB|uhttps://publications.gc.ca/collections/collection_2025/mpo-dfo/fs70-5/Fs70-5-2025-072-eng.pdf